000 01245cam a22001934a 4500
005 20250605164104.0
008 250528s ||||||||||||||||||||||||d
035 _a17683
020 _a9789605465100
040 _aGR-AtMCL
_bgre
_dGR-AtMCL
_eAACR2
245 1 _aΕπενδυτικά Κεφαλαία / Πώς να Επιλέξετε Επενδύσεις, να Αξιολογήσετε τους Διαχειριστές Κεφαλαίων και να Προστατεύσετε την Περιουσία σας
260 _bΠεδίο,
_c2012
300 _a256
520 _aΤο βιβλίο παρακινεί τον αναγνώστη να σκεφτεί, κυρίως πάνω σε θέματα λειτουργικών επενδύσεων. Ευχαριστίες, Εισαγωγή, Η Εταιρεία Διαχείρισης Επενδυτικών Κεφαλαίων, Το Επενδυτικό Κεφάλαιο, Το Ενημερωτικό Δελτίο, Διακυβέρνηση, Πάροχοι Υπηρεσιών, Η Επενδυτική Διαδικασία και τα Προϊόντα, Διαχείριση Κινδύνου.
700 1 _aLavenere Lussan Jerome De
_93855
942 _cBK
999 _c3085
_d3085